000 00270nam a2200109Ia 4500
008 230320s9999||||xx |||||||||||||| ||spa||
082 _a370.152/G39
100 _aGearheart, Bill
245 0 _aIncapacidad Para El Aprendizaje
260 _bManual moderno
942 _80
_cLIB
999 _c31531
_d31531